Seven Letter "IA" Countries - Statistics

General Stats
  • This quiz has been taken 5 times
  • The average score is 8 of 14
Answer Stats
Countries % Correct
Albania
100%
Croatia
100%
Algeria
80%
Austria
80%
Armenia
60%
Bolivia
60%
Romania
60%
Tunisia
60%
Estonia
40%
Georgia
40%
Liberia
40%
Namibia
40%
Nigeria
20%
Somalia
0%
No matching quizzes found
Score Distribution
Percent of People with Each Score
Percentile by Number Answered
Your Score History
You have not taken this quiz